000 00404nam a22001457a 4500
008 230606b xxu||||| |||| 00| 0 eng d
020 _a1588261409
082 _a330.96
_bJAE
245 _aJournal Of Africa Economies
_cOxford University
260 _aUnited Kingdom
_bOxford University
_c2003
300 _a471 p
440 _n3
_v12
710 _bCenter for The Study of African Economies
942 _2ddc
_cBK
999 _c482
_d482